| 000 | 00622nam a2200229 i 4500 | ||
|---|---|---|---|
| 001 | 67666 | ||
| 003 | ES-MaACL | ||
| 005 | 20230906170127.0 | ||
| 007 | t| | ||
| 008 | 040609s2001 sp ||||1| spa d | ||
| 020 | _a84-8374-281-0 | ||
| 080 | _a821.134.2-14"19" | ||
| 100 | 1 |
_aHaro Ibars, Eduardo. _961878 |
|
| 245 | 1 | 0 |
_aObra poética / _cEduardo Haro Ibars. |
| 250 | _a1ª ed. | ||
| 260 |
_aMadrid : _bHuerga & Fierro, _c2001. |
||
| 300 |
_a311 p. ; _c18 cm. |
||
| 490 | 1 |
_aLa rama dorada ; _v13 |
|
| 830 | 0 |
_aLa rama dorada ; _v13 _9183207 |
|
| 852 |
_aES-MaACL _jL-27932 _bR.133407 |
||
| 999 |
_c67666 _d67666 |
||